Prevalence of female sexual dysfunction among patients presenting to Urogynaeological clinic at Hospital Raja Permaisuri Bainun, Ipoh /
Saved in:
| Main Author: | |
|---|---|
| Format: | Thesis Book |
| Language: | English |
| Published: |
2010.
|
| Subjects: | |
| Tags: |
Add Tag
No Tags, Be the first to tag this record!
|
| LEADER | 00961cam a2200241 a 4500 | ||
|---|---|---|---|
| 001 | u807399 | ||
| 003 | SIRSI | ||
| 005 | 201101141612 | ||
| 008 | 110114s2010 my t 000 0 eng m | ||
| 040 | |a UMP | ||
| 043 | |a a-my-pe | ||
| 060 | 1 | 0 | |a WB104 |b UM 2010 Vas |
| 100 | 0 | |a Vasanthi Periasamy. | |
| 245 | 1 | 0 | |a Prevalence of female sexual dysfunction among patients presenting to Urogynaeological clinic at Hospital Raja Permaisuri Bainun, Ipoh / |c by Vasanthi Perasamy. |
| 260 | |c 2010. | ||
| 300 | |a xvi, 110 leaves : |b ill. ; |c 30 cm. | ||
| 502 | |a Dissertation (M. Psy. Med) -- Department of Psychological Medicine, Faculty of Medicine, University of Malaya. | ||
| 504 | |a Bibliography: leaves 77-87. | ||
| 650 | 1 | 2 | |a Sexual Dysfunctions, Psychological |z Perak. |
| 710 | 2 | 0 | |a Universiti Malaya. |b Jabatan Perubatan Psikologi. |
| 900 | |a RAH | ||
| 596 | |a 2 | ||
| 999 | |a WB104 UM 2010 VAS |w NLM |c 1 |i A514530775 |d 27/1/2011 |f 27/1/2011 |g 1 |l TESIS |m P02MEDKL |r Y |s Y |t TESIS |u 27/1/2011 | ||
